| 000 | 00484nam a22001817a 4500 | ||
|---|---|---|---|
| 003 | OSt | ||
| 005 | 20160212154453.0 | ||
| 008 | 160212b xxu||||| |||| 00| 0 eng d | ||
| 020 | _a9780321097149 | ||
| 040 | _aseku | ||
| 050 |
_aPN6014 _b.L58 2001 |
||
| 100 | _aKenneddy J.X | ||
| 245 |
_aLiterature _bAn introduction to fiction, poetry, and drama _cX.J. Kennedy |
||
| 250 | _a8th ed. | ||
| 260 |
_aNew York.; _bLongman, _c2001 |
||
| 300 |
_aiv-xiii, 2218p.; _eCD |
||
| 942 |
_2lcc _cGEN |
||
| 999 |
_c10886 _d10886 |
||